zpět

Detail výsledku týmu

Pivní restaurace, Kadaň

Datum a čas kvízu

35.5 Celkem bodů Celkový počet nahraných bodů na tomto kvízu bez doplňovacích otázek.
1. Pořadí na kvízu Konečné umístění týmu na tomto kvízu.

Zaznamenané odpovědi

# Otázka Odpověď Body Výsledky
1. Novým generálním ředitelem Čes... Václav Nebeský 1
2. Ruská poslankyně Natalja Poklo... na Krym 1
3. Ve čtvrtek vstoupil do našich... Hynek Čermák 1
4. V pondělí jsme se dozvěděli, ž... Thomas Cook 1
5. Extraligové Kladno obdrželo od... neměl nasazenou helmu 1
6. V tomto tématu se podíváme na... Vyšehrad, Blaník 0.5
7. Moderátorka a zpěvačka Emma Sm... Karel Oliva 1
8. Kterým slovem na pět písmen by... nažka 1
9. Po Bedřichu Smetanovi byl pojm... Merkur 0
10. Futuretro, Biorytmy, Kluci kde... Tata Bojs 1